000 00497nam a2200169Ia 4500
999 _c10826
_d10826
082 _a006.3 SLA-;
100 _aSlagle, James R
245 0 _aArtificial intelligence: the heuristic programming approach
260 _aNew York
_bMcGraw-Hill
_c1971
300 _ax, 196p.
440 _aMcGraw-Hill series in system science
504 _aIncludes index
650 _aArtificial intelligence - Computer programs
650 _aMachine theory
650 _aHeuristic programming
942 _cBK
_2ddc